000 00795nam a2200277Ia 4500
003 OSt
005 20220928115028.0
006 a|||||r|||| 00| 0
007 ta
008 220927b |||||||| |||| 00| 0 eng d
020 _c1879.9250999999999
024 _a118578
037 _b241, 11/02/2013, N.R.Book Distributors
_cTextual
040 _aSDCL
_cSDCL
_beng
041 _2eng
_aeng
082 _aL:4:56, Q3;2
100 _aMale David
_9419297
245 0 _aImmunology.
250 _a8th
260 _aSaunders
_bElsevier
_c2013
300 _ax,472p
_ccm.
650 _aMicrobiology
700 _a Brostoff Jonathan
_9419298
942 _hL:4:56, Q3;2
_cTEXL
_2CC
999 _c758011
_d758011